| 000 | 00488nam a2200205Ia 4500 | ||
|---|---|---|---|
| 003 | OSt | ||
| 005 | 20260216104731.0 | ||
| 008 | 250729s1958 xx 000 0 und d | ||
| 020 | _a978-1019283769 | ||
| 040 | _cAL | ||
| 041 | _aeng | ||
| 082 | _a910 WHIE | ||
| 100 |
_aWhite C Longdon _9228998 |
||
| 245 | _aEssentials of college geography | ||
| 260 |
_aNew York _c1958 |
||
| 300 | _a580p | ||
| 650 |
_aGeography _9228999 |
||
| 700 |
_aRao Digumurthi _9229000 |
||
| 942 |
_2ddc _cBED |
||
| 999 |
_c238185 _d238185 |
||